000
00305nam a2200133Ia 4500
008
240624s9999 xx 000 0 und d
041
_a
eng
082
_a
823 CHA
100
_a
CHAUHAN ANUJA
245
_a
ZOYA FACTOR
260
_c
2010
_a
New Delhi
_b
HarperCollins
300
_a
509 : p.
365
_c
RS
_b
25
999
_c
17271
_d
17271